000
00350nam a2200133Ia 4500
008
151001s9999||||xx |||||||||||||| ||und||
100
_a
शशीशेखर वेदक
245
_a
जगू आम्ही जीवन
250
_a
1
260
_b
केशरी प्रकाशन
260
_c
1950
300
_a
124
365
_b
7.5
999
_c
949307
_d
949304